Tennisti con il maggior numero di titoli ATP - Statistics

Statistiche generali
  • Questo quiz è stato fatto 15 volte
  • Il punteggio medio è 8 su 11
Statistiche sulle risposte
Nazione Numero titoli Tennista % Corretto
Svizzera 103 Roger Federer
100%
Serbia 100 Novak Djokovic
93%
Spagna 92 Rafael Nadal
87%
Stati Uniti 60 Andre Agassi
80%
Svezia 64 Björn Borg
80%
Stati Uniti 109 Jimmy Connors
80%
Cecoslovacchia / Stati Uniti 94 Ivan Lendl
73%
Stati Uniti 77 John McEnroe
73%
Stati Uniti 64 Pete Sampras
67%
Romania 60 Ilie Năstase
60%
Argentina 62 Guillermo Vilas
33%
Nessun quiz corrispondente trovato
Distribuzione punteggi
Percentuale di utenti per punteggio
Percentile per numero di risposta
I tuoi punteggi nel tempo
Non hai fatto questo quiz